000 00648nam a2200181 4500
008 240122b |||||||| |||| 00| 0 eng d
020 _a9789715617499
082 _a305.3
_bASI
110 _aAsian Development Bank
245 _aCountry gender assessment:
_bSri Lanka
246 _a Country gender assessment :
_bSri Lanka
260 _aMandaluyong City:
_bAsian Development Bank,
_c2008
300 _a x, 66 p. : ill. ; 28 cm
_bBibliography included
650 _aWomen in development- Sri Lanka
650 _aGender roles- Sri Lanka
856 _uhttps://www.adb.org/sites/default/files/institutional-document/32241/cga-sri.pdf
942 _cRP
999 _c4672
_d4672